LEADER 01623nam a2200373 a 4500 001 000000168079 003 CaOOAMICUS 005 20180607121925.0 008 180607m19619999it u000 u ita r 032 $aLibriCat 040 $aPUL$bita 100 1 $aBraga, Giorgio.$0(OLS)http://pul/name/61017 245 10$aElementi di sociologia /$cGiorgio Braga, Leone Diena, Franco Leonardi. 260 $aMilano :$bFranco Angeli,$cİ1961- 300 $av. ;$c21 cm. 490 1 $aSaggi e testi di scienze sociali ;$v01 504 $aBibliografia in nota. 505 1 $aV. 1. I problemi generali e i rapporti sociali elementari / Giorgio Braga, Leone Diena, Franco Leonardi ; presentazione di Marcello Boldrini. 650 4$aSociologia.$0(OLS)http://pul/subject/2611 700 1 $aDiena, Leone.$0(OLS)http://pul/name/86554 700 1 $aLeonardi, Franco.$0(OLS)http://pul/name/108233 740 22$aI problemi generali e i rapporti sociali elementari. 830 0$aSaggi e testi di scienze sociali.$0(OLS)http://pul/title/208271 850 $aPUL 852 $aPUL$W1$xDP1 Fondo Dalla Palma$y117$m4 A 77$j163169$bv. 1$qFondi$B195897$CPULBib$Z2$F195897 $HDal2677 $81 941 1 $a1 960 $aSociology$92611 960 $aSociology$92611 960 $aScienze sociali$92611 960 $aScienze sociali$92611 996 $6245$aElementi di sociologia$9(OLS)http://pul/title/208270 996 $6740$aI problemi generali e i rapporti sociali elementari$9(OLS)http://pul/title/208272 996 $6260$aMilano :$bFranco Angeli$9(OLS)http://pul/publisher/52903 LEADER 01131nam a2200277 u 4500 001 000000064327 003 CaOOAMICUS 005 20070226121338.0 008 011116s1972 enk u000 u eng u 035 $a10910170 040 $aPUL(R)$bita 100 1 $aKo?akowski, Leszek,$d1927-2009.$0(OLS)http://pul/name/15441 245 10$aPositivist Philosophy from Hume to the Vienna Circle /$cLeszek Kolakowski ; translated by Norbert Guterman. 260 $aMiddlesex :$bPenguin Books,$c1972. 300 $a263 p. ;$c22 cm 490 1 $aPelican book 500 $aContiene indice. 650 4$aPositivismo.$0(OLS)http://pul/subject/6742 700 1 $aGuterman, Norbert.$0(OLS)http://pul/name/43496 830 0$aPelican book.$0(OLS)http://pul/title/6982 850 $aPUL 852 $aPUL$W1$xSL Filosofia 1$y2$m84 L 8$j83398$nBK-PRI$b $qStampati$B83398$CPULBib$Z2$F83398 $H $81 941 1 $a8 961 $aINV: 39478 996 $6245$aPositivist Philosophy from Hume to the Vienna Circle$9(OLS)http://pul/title/85730 996 $6260$aMiddlesex :$bPenguin Books$9(OLS)http://pul/publisher/65395